| 000 | 00637nam a22001577a 4500 | ||
|---|---|---|---|
| 003 | MACL | ||
| 005 | 20160203122816.0 | ||
| 008 | 160203b xxu||||| |||| 00| 0 eng d | ||
| 040 | _cMACL | ||
| 041 | _aHindi | ||
| 082 | _a001 | ||
| 245 | _aएस एस सी CAPFS सब इंस्पेक्टर एवं असिस्टेन्ट सब इंस्पेक्टर परीक्षा प्रैक्टिस वर्क बुक | ||
| 260 |
_aदिल्ली _bकिरण प्रकाशन |
||
| 650 |
_aएस एस सी परीक्षा _933784 |
||
| 942 |
_2ddc _cHIN |
||
| 999 |
_c53006 _d53006 |
||